Pacto REMIX - Jay Wheeler, Dei V, Hades66, Luar La L... - Estadísticas

Estadísticas generales
  • Esta prueba ha sido intentada 47 veces
  • La puntuación promedio es 712 de 1072
Estadísticas de respuestas
Letra % Correcto
a
100%
A
100%
l
100%
ni
100%
Ni
100%
No
100%
no
100%
adicto
90%
como
90%
con
90%
contacto
90%
da
90%
de
90%
e
90%
é
90%
el
90%
la
90%
La
90%
las
90%
le
90%
Le
90%
like
90%
lo
90%
los
90%
90%
Ma
90%
ma
90%
me
90%
Me
90%
pa
90%
Pa
90%
pacto
90%
Si
90%
si
90%
sigue
90%
su
90%
ti
90%
90%
90%
tu
90%
un
90%
Y
90%
y
90%
Chingando
80%
chingando
80%
cuello
80%
diablo
80%
días
80%
Ella
80%
ella
80%
en
80%
En
80%
es
80%
Es
80%
esto
80%
Estoy
80%
estoy
80%
G
80%
historia
80%
Llevas
80%
más
80%
mi
80%
80%
o
80%
pasto
80%
Pero
80%
pero
80%
que
80%
qué
80%
Que
80%
se
80%
Se
80%
soy
80%
sube
80%
te
80%
Te
80%
tenemo
80%
to
80%
una
80%
V
80%
yo
80%
Yo
80%
al
70%
bebé
70%
Bebé
70%
foto
70%
Guardó
70%
perdía
70%
puso
70%
Quiero
70%
70%
tengo
70%
Tengo
70%
toto
70%
ve
70%
Ve
70%
agarra
60%
Agarrarte
60%
ah
60%
bicho
60%
cuando
60%
culo
60%
esa
60%
ese
60%
eso
60%
gusta
60%
memoria
60%
meto
60%
moja
60%
pelo
60%
por
60%
Por
60%
rico
60%
tiene
60%
volverte
60%
bebecita
50%
Bebecita
50%
boca
50%
brr
50%
brrr
50%
cama
50%
chingamo
50%
chingarte
50%
dar
50%
decide
50%
encanta
50%
esas
50%
está
50%
fornicamo
50%
habitación
50%
jalarte
50%
nalgota
50%
nos
50%
Nos
50%
número
50%
Pon
50%
pone
50%
quiere
50%
repetir
50%
Ven
50%
abajo
40%
barrio
40%
bichota
40%
cara
40%
choca
40%
Corazones
40%
dejo
40%
demonia
40%
doble
40%
dura
40%
Encima
40%
escupí
40%
gota
40%
guardé
40%
hablo
40%
has
40%
hasta
40%
hueco
40%
loca
40%
mama
40%
muerte
40%
nunca
40%
puta
40%
real
40%
rompo
40%
screenshots
40%
seco
40%
secreto
40%
Siempre
40%
son
40%
Son
40%
tampoco
40%
toque
40%
totito
40%
va
40%
ya
40%
acosta
30%
aquí
30%
Avísame
30%
baby
30%
beauty
30%
besitos
30%
cinco
30%
deo
30%
des
30%
diario
30%
dime
30%
dónde
30%
doy
30%
enamora
30%
escalofrío
30%
factura
30%
follow
30%
fuese
30%
jangueo
30%
kilo
30%
leche
30%
lleno
30%
mami
30%
mañana
30%
mierda
30%
mil
30%
mile
30%
moviendo
30%
oíste
30%
Oye
30%
pasa
30%
persona
30%
pico
30%
puse
30%
quince
30%
recojo
30%
resbaloso
30%
rica
30%
roto
30%
Sabe
30%
sabe
30%
saliendo
30%
ticke
30%
toda
30%
vaya
30%
veo
30%
Wagon
30%
acaricia
20%
Acura
20%
agarro
20%
aprieto
20%
bellaquera
20%
blanquita
20%
booty
20%
Booty
20%
borrachera
20%
bota
20%
brincar
20%
Call
20%
calor
20%
coger
20%
Cuatro
20%
cuerpo
20%
dan
20%
despué
20%
Dile
20%
Duty
20%
fallo
20%
flow
20%
fresco
20%
gateo
20%
groupie
20%
jurá
20%
lamba
20%
les
20%
llama
20%
mamo
20%
mía
20%
mientra
20%
necesito
20%
Of
20%
oh
20%
Perc
20%
perico
20%
perla
20%
Ponte
20%
pura
20%
quite
20%
ropa
20%
sin
20%
St
20%
tiempo
20%
toíta
20%
Tráeme
20%
Uh
20%
uh
20%
verdad
20%
visto
20%
vuelven
20%
abuela
10%
adentro
10%
Ahora
10%
allá
10%
aro
10%
arrodillé
10%
bien
10%
clitori
10%
conmigo
10%
del
10%
dentro
10%
escupo
10%
ex
10%
gaste
10%
haga
10%
Hollow
10%
jaja
10%
mai
10%
Masajes
10%
odia
10%
para
10%
pH
10%
pinta
10%
polvo
10%
pongo
10%
puede
10%
rede
10%
regla
10%
rompemo
10%
santa
10%
TH
10%
tota
10%
traspaso
10%
trasteo
10%
tus
10%
vemo
10%
vengo
10%
voy
10%
230
0%
ando
0%
Arthur
0%
así
0%
back
0%
bateo
0%
Baya
0%
bestie
0%
bobos
0%
Boyd
0%
caballo
0%
Carola
0%
carril
0%
cash
0%
chips
0%
cien
0%
Concha
0%
confetti
0%
Cuéntale
0%
desmaya
0%
detrás
0%
DH
0%
diez
0%
drippear
0%
Embassy
0%
enrola
0%
esbaratar
0%
estos
0%
facturar
0%
fetty
0%
fildearte
0%
frontéale
0%
fronteale
0%
galopa
0%
gato
0%
grabarte
0%
grita
0%
hablen
0%
hachís
0%
Hyatt
0%
invente
0%
iPhone
0%
llegar
0%
llueven
0%
Mali
0%
malla
0%
maluco
0%
Millogangster
0%
Parece
0%
pelé
0%
Porque
0%
prenden
0%
punto
0%
Regis
0%
rompértela
0%
rompío
0%
Santur
0%
semanal
0%
Spicy
0%
vaquera
0%
venir
0%
volley
0%
No se encontraron pruebas coincidentes
Distribución de puntuación
Porcentaje de gente con cada puntuación
Porcentaje por número respondido
Historial de tus puntuaciones
No has intentado esta prueba.